[Event "Moscow op-A 04th"]
[Site "Moscow"]
[Date "2008.02.09"]
[Round "8"]
[White "Samedov, Alim"]
[Black "Onoprienko, Vladimir"]
[Result "0-1"]
[WhiteElo "2094"]
[BlackElo "2318"]
[PlyCount "49"]
[EventDate "2008.02.02"]
[EventType "swiss"]
[EventRounds "9"]
[EventCountry "RUS"]
[SourceTitle "CBM 122 Extra"]
[Source "ChessBase"]
[SourceDate "2008.03.04"]
[SourceVersion "1"]
[SourceVersionDate "2008.03.04"]
[SourceQuality "1"]

1. d4 c5 2. d5 d6 3. c4 Nf6 4. Nc3 g6 5. Bg5 Bg7 6. Qc2 0-0 7. Bxf6 Bxf6 8. e4 Qa5 9. Nge2 a6 10. Rc1 b5 11. Qb3 bxc4 12. Qxc4 Nd7 13. b3 Ne5 14. Qa4 Qxa4 15. Nxa4 Nd3+ 16. Kd2 Nxf2 17. Nf4 Nxh1 18. Ke2 Bd4 19. Nb6 Bg4+ 20. Kd2 Rab8 21. Nc4 Nf2 22. h3 Nxe4+ 23. Kc2 Bd7 24. Ne2 Bg7 25. Ng1 0-1

[Event "Moscow op-A 04th"]
[Site "Moscow"]
[Date "2008.02.07"]
[Round "6"]
[White "Liberzon, Roman"]
[Black "Samedov, Alim"]
[Result "1-0"]
[WhiteElo "2240"]
[BlackElo "2094"]
[PlyCount "56"]
[EventDate "2008.02.02"]
[EventType "swiss"]
[EventRounds "9"]
[EventCountry "RUS"]
[SourceTitle "CBM 122 Extra"]
[Source "ChessBase"]
[SourceDate "2008.03.04"]
[SourceVersion "1"]
[SourceVersionDate "2008.03.04"]
[SourceQuality "1"]

1. c4 c6 2. Nf3 Nf6 3. d4 d5 4. Nc3 e6 5. e3 Bb4 6. Bd3 dxc4 7. Bxc4 Nbd7 8. 0-0 0-0 9. Qe2 Re8 10. Rd1 Qc7 11. e4 Bxc3 12. bxc3 b5 13. Bd3 e5 14. Bg5 a6 15. Bxf6 Nxf6 16. Nxe5 Rxe5 17. dxe5 Qxe5 18. Rf1 Bg4 19. f3 Bh5 20. a4 Rc8 21. Qe3 Qxc3 22. axb5 axb5 23. Rfc1 Qb3 24. Rxc6 Rd8 25. Qd4 Re8 26. Rb1 Qa2 27. Rxb5 Bg6 28. Qc3 Qa8 1-0

[Event "Moscow op-A 04th"]
[Site "Moscow"]
[Date "2008.02.05"]
[Round "4"]
[White "Kozlov, Vladimir"]
[Black "Samedov, Alim"]
[Result "1-0"]
[WhiteElo "2117"]
[BlackElo "2094"]
[PlyCount "34"]
[EventDate "2008.02.02"]
[EventType "swiss"]
[EventRounds "9"]
[EventCountry "RUS"]
[SourceTitle "CBM 122 Extra"]
[Source "ChessBase"]
[SourceDate "2008.03.04"]
[SourceVersion "1"]
[SourceVersionDate "2008.03.04"]
[SourceQuality "1"]

1. e4 c6 2. Nc3 d5 3. Nf3 Bg4 4. h3 Bxf3 5. Qxf3 d4 6. Ne2 e5 7. Ng3 Nf6 8. Bc4 Be7 9. Qb3 0-0 10. Qxb7 Nbd7 11. Qb3 Nc5 12. Qf3 a5 13. 0-0 Kh8 14. a3 Ncd7 15. Nf5 Nb6 16. Qb3 Nh5 17. Ne3 Bd6 1-0

[Event "Moscow op-A 04th"]
[Site "Moscow"]
[Date "2008.02.03"]
[Round "2"]
[White "Gubajdullin, Alexey"]
[Black "Samedov, Alim"]
[Result "1-0"]
[WhiteElo "2504"]
[BlackElo "2094"]
[PlyCount "72"]
[EventDate "2008.02.02"]
[EventType "swiss"]
[EventRounds "9"]
[EventCountry "RUS"]
[SourceTitle "CBM 122 Extra"]
[Source "ChessBase"]
[SourceDate "2008.03.04"]
[SourceVersion "1"]
[SourceVersionDate "2008.03.04"]
[SourceQuality "1"]

1. Nc3 d5 2. e4 d4 3. Nce2 e5 4. Nf3 Bd6 5. Ng3 Bg4 6. h3 Be6 7. Bb5+ c6 8. Ba4 Qa5 9. c3 d3 10. Ng5 Bc4 11. Bb3 b5 12. Nf5 Bf8 13. Bxc4 bxc4 14. Ne3 Qc5 15. Qa4 Qb5 16. Qxc4 Qxc4 17. Nxc4 Nd7 18. 0-0 Ngf6 19. Re1 Be7 20. Nf3 c5 21. b3 0-0 22. Ba3 Rac8 23. Re3 Rc6 24. Rae1 Ra6 25. Rxd3 Re8 26. Rde3 Bf8 27. Ra1 g6 28. Bb2 Bg7 29. a3 Nh5 30. d4 cxd4 31. cxd4 exd4 32. Bxd4 Bxd4 33. Nxd4 Nhf6 34. Rae1 Ne5 35. Nxe5 Rxe5 36. b4 Rd6 1-0

[Event "Moscow op 03rd"]
[Site "Moscow"]
[Date "2007.01.27"]
[Round "1"]
[White "Skurikhin, Dmitrij"]
[Black "Samedov, Alim"]
[Result "1-0"]
[WhiteElo "2401"]
[BlackElo "2104"]
[PlyCount "75"]
[EventDate "2007.01.27"]
[EventType "swiss"]
[EventRounds "9"]
[EventCountry "RUS"]
[SourceTitle "CBM 116 Extra"]
[Source "ChessBase"]
[SourceDate "2007.03.07"]
[SourceVersion "1"]
[SourceVersionDate "2007.03.07"]
[SourceQuality "1"]

1. d4 d5 2. c4 Nf6 3. Nf3 c6 4. Nc3 Bf5 5. e3 e6 6. Qb3 Qc7 7. Bd2 Nbd7 8. Rc1 dxc4 9. Bxc4 Be7 10. h3 h6 11. Ne2 Ne4 12. Bb4 Nd6 13. Ng3 Bg6 14. 0-0 Nb6 15. Be2 0-0 16. Ne5 Bh7 17. Ba5 Bf6 18. Ng4 Bd8 19. Bf3 Qe7 20. Bb4 Bc7 21. e4 a5 22. Bc5 Nd7 23. e5 Nxc5 24. exd6 Bxd6 25. dxc5 Bxc5 26. Qc4 Bd6 27. Rfe1 Bxg3 28. fxg3 Qd6 29. Qf4 Qd3 30. Rcd1 Qb5 31. Qe5 Qa4 32. a3 Bc2 33. Rd4 Qb3 34. Re3 Qxb2 35. Nxh6+ Kh8 36. Rh4 Qxe5 37. Nf5+ Kg8 38. Ne7# 1-0